000 00920nam a22002057a 4500
005 20240927162133.0
010 _aHIN-128386
020 _a9789388583664
_c400.00
035 _aHN-100732
037 _bDBAD
082 _a821.08
100 _aसुमन कुमारी
_972150
245 _aडॉ . अशोक कुमार 'मंगलेश' की काव्य-साधना:
_bएक मूल्यांकन/
_cसुमन कुमारी
250 _aप्रथम
260 _aनई दिल्ली
_bसाहित्यभूमि
_c2019
270 _aएन-3/5ए, मोहन गार्डन
_bनई दिल्ली
_e110059
_k+917290973151
_k8383863238
_msahityabhoomi@gmail.com
300 _axvi,104 पृ.
_c22 सेमी (सजिल्द)
650 _aहिन्दी
_972151
942 _adpl
_2ddc
_cHN
_h821.08
_mसुमन
999 _c205734
_d205734